| 000 | 00344nam a2200109 a 4500 | ||
|---|---|---|---|
| 005 | 20140414093831.0 | ||
| 008 | 970109s19uu xx 00 eng d | ||
| 050 |
_aVHS 500 _bOR 03 |
||
| 245 |
_aBritannica Science and Techonology Video Library : _bVideo 10. (Human beings) Digestive system Circulatory System. |
||
| 942 | _cAVM | ||
| 999 |
_c108752 _d108752 |
||